| 000 | 00624nam a22002057a 4500 | ||
|---|---|---|---|
| 001 | 45995 | ||
| 003 | BD-RjUL | ||
| 005 | 20211209054108.0 | ||
| 008 | 160730s1937 nyu||||| |||| 001 0 eng d | ||
| 035 | _a(BD-RjUL)46113 | ||
| 040 |
_aBD-RjUL _beng _cBD-RjUL |
||
| 041 | _aeng | ||
| 082 |
_a371.73 _bSHM 1937 |
||
| 100 |
_aSharman, Jackson Roger. _9140639 |
||
| 245 | 1 | 0 |
_aModern principles of physical education / _cJackson Roger Sharman. |
| 260 |
_aNew York : _bA.S. Barnes and Company, Inc., _c1937. |
||
| 300 |
_aviii p.,1 leaf, 208 p. ; _c24 cm. |
||
| 650 |
_aPhysical education and training. _9140640 |
||
| 942 |
_2ddc _cBK |
||
| 999 |
_c45995 _d45995 |
||